Statistics for Five Biggest Cities by Region #1 (Easy)

Click here to take the quiz!

General Stats

  • This quiz has been taken 262 times
  • The average score is 48 of 75

Answer Stats

Answer % Correct
553,165Dublin
97%
1,608,746Barcelona
95%
3,165,541Madrid
94%
2,125,320Havana
92%
6,498,840Rio de Janeiro
91%
4,028,525Sydney
91%
638,749Riga
90%
298,695Anchorage
90%
833,624Amsterdam
90%
3,847,567Melbourne
90%
1,187,890Brussels
89%
423,420Tallinn
89%
1,670,952Perth
89%
629,606Rotterdam
87%
655,884Boston
87%
11,929,960São Paulo
87%
9,886,600Lima
87%
2,581,827Santo Domingo
87%
9,339,023Karachi
86%
125,622Cork
86%
690,566Seville
86%
533,619Vilnius
86%
1,977,316Brisbane
84%
790,201Valencia
84%
7,963,400Bogotá
84%
3,817,200Kabul
83%
5,209,088Lahore
83%
32,756Juneau
83%
875,978Port-au-Prince
83%
9,607,787Jakarta
82%
664,046Athens
81%
1,679,895Belgrade
81%
1,198,647Adelaide
80%
517,042Antwerp
80%
550,753Santiago de los Caballeros
80%
6,562,300Santiago de Chile
80%
584,627Kingston
79%
14,804,116Istanbul
76%
17,600,000Lagos
74%
1,231,981Sofia
74%
688,163Zagreb
72%
2,352,900Tashkent
70%
333,740Belfast
69%
10,900,000Kinshasa
66%
13,100,000Johannesburg
63%
32,325Fairbanks
62%
179,207Providence
59%
519,988The Hague
58%
7,450,000Luanda
55%
5.550,000Dar es Salaam
54%
2,394,873Bandung
52%
2,765,487Surabaya
51%
661,566Zaragoza
50%
1,584,138Novosibirsk
49%
1,495,000Auckland
48%
84,340Londonderry
46%
405,000Wellington
44%
79,504Galway
43%
389,700Christchurch
40%
292,677Kaunas
38%
1,178,079Omsk
36%
2,008,861Faisalabad
33%
2,097,610Medan
33%
351,000Honolulu
28%
147,629Bridgeport
27%
184,815Worcester
22%
153,060Springfield
20%
1,066,934Krasnoyarsk
20%
151,226Klaipeda
16%
8,863Sitka
15%
230,000Hamilton
13%
9,284Wasilla
11%
2,936,116Quezon City
11%
635,585Barnaul
7%
720,575Tyumen
3%

Score Distribution

Percentile by Number Answered

Percent of People with Each Score

Your Score History

You have not taken this quiz